Linear algebra with applications / (Record no. 591187)

000 -LEADER
fixed length control field 01493cam a2200337 i 4500
001 - CONTROL NUMBER
control field 19742768
003 - CONTROL NUMBER IDENTIFIER
control field NUST
005 - DATE AND TIME OF LATEST TRANSACTION
control field 20220817150122.0
008 - FIXED-LENGTH DATA ELEMENTS--GENERAL INFORMATION
fixed length control field 170621t20192019maua b 001 0 eng
010 ## - LIBRARY OF CONGRESS CONTROL NUMBER
LC control number 2017029889
020 ## - INTERNATIONAL STANDARD BOOK NUMBER
International Standard Book Number 9781284120097 (casebound : alk. paper)
020 ## - INTERNATIONAL STANDARD BOOK NUMBER
International Standard Book Number 1284120090 (casebound : alk. paper)
040 ## - CATALOGING SOURCE
Original cataloging agency DLC
Language of cataloging eng
Transcribing agency DLC
Description conventions rda
Modifying agency DLC
042 ## - AUTHENTICATION CODE
Authentication code pcc
050 00 - LIBRARY OF CONGRESS CALL NUMBER
Classification number QA184.2
Item number .W55 2019
082 00 - DEWEY DECIMAL CLASSIFICATION NUMBER
Classification number 512.5, WIL
Edition number 23
100 1# - MAIN ENTRY--PERSONAL NAME
Personal name Williams, Gareth,
Dates associated with a name 1937-
Relator term author.
9 (RLIN) 4601
245 10 - TITLE STATEMENT
Title Linear algebra with applications /
Statement of responsibility, etc. Gareth Williams, PhD, Professor Emeritus, Stetson University, DeLand, Florida.
250 ## - EDITION STATEMENT
Edition statement Ninth edition.
264 #1 - PRODUCTION, PUBLICATION, DISTRIBUTION, MANUFACTURE, AND COPYRIGHT NOTICE
Place of production, publication, distribution, manufacture Burlington, Massachusetts :
Name of producer, publisher, distributor, manufacturer Jones & Bartlett Learning,
Date of production, publication, distribution, manufacture, or copyright notice [2019]
264 #4 - PRODUCTION, PUBLICATION, DISTRIBUTION, MANUFACTURE, AND COPYRIGHT NOTICE
Date of production, publication, distribution, manufacture, or copyright notice ©2019
300 ## - PHYSICAL DESCRIPTION
Extent xvii, 594 pages :
Other physical details illustrations (some color) ;
Dimensions 29 cm
336 ## - CONTENT TYPE
Content type term text
Content type code txt
Source rdacontent
337 ## - MEDIA TYPE
Media type term unmediated
Media type code n
Source rdamedia
338 ## - CARRIER TYPE
Carrier type term volume
Carrier type code nc
Source rdacarrier
505 0# - FORMATTED CONTENTS NOTE
Formatted contents note Linear equations and vectors (Page-5), Matrices and linear transformations (Page-69),Determinants and eigenvectors (Page-163),General vector spaces (Page-213), Coordinate representations (Page-299),Inner product spaces (Page-349),Numerical methods (Page-387), Linear programming (Page-437).
650 #0 - SUBJECT ADDED ENTRY--TOPICAL TERM
Topical term or geographic name entry element Algebras, Linear
Form subdivision Textbooks.
9 (RLIN) 4602
906 ## - LOCAL DATA ELEMENT F, LDF (RLIN)
a 7
b cbc
c orignew
d 1
e ecip
f 20
g y-gencatlg
942 ## - ADDED ENTRY ELEMENTS (KOHA)
Source of classification or shelving scheme
Koha item type Book
Holdings
Withdrawn status Lost status Source of classification or shelving scheme Damaged status Not for loan Permanent Location Current Location Shelving location Date acquired Total Checkouts Full call number Barcode Date last seen Date last checked out Price effective from Koha item type Public note
          Military College of Signals (MCS) Military College of Signals (MCS) Reference 08/17/2022 1 512.5, WIL MCS38348 07/18/2024 03/14/2024 08/17/2022 Reference Almirah Fresh No.44, Shelf No.2
© 2023 Central Library, National University of Sciences and Technology. All Rights Reserved.